000 00647cam a22002411 4500
001 sa 66005071
003 DLC
005 20260227112247.0
008 890922s1963 pk 000 0 urdr
010 _asa 66005071
035 _a(OCoLC)20384680
040 _aDLC
_cWaU
_dDLC
041 0 _aurdben
042 _apremarc
050 0 0 _aPK1661.5
_b.S45
100 1 _aShehabuddin, Qazi Muhammad,
_d1923-
245 1 0 _aBanglah-Urdū ṭīcar.
260 _c[1963?]
300 _a160 p.
_c22 cm.
500 _aAdded t.p. in Bengali.
500 _aUrdu and Bengali.
650 0 _aBengali language
_xGrammar
_xTextbooks for foreign speakers
_xUrdu.
999 _c69795
_d69795